| 000 | 00473nam a22001577a 4500 | ||
|---|---|---|---|
| 003 | OSt | ||
| 005 | 20251030123912.0 | ||
| 008 | 251030b |||||||| |||| 00| 0 eng d | ||
| 020 | _a9780671622480 | ||
| 040 | _cTouchstone Book | ||
| 050 | _aBF 637 .B64 1979 | ||
| 245 |
_aPeople Skills _bHow to assert yourself, Listen to others and Resolve conflicts _cBolton, Robert |
||
| 250 | _aFirst Touchstone edition | ||
| 260 |
_aNew York _bSimon & Schuster _c1979 |
||
| 942 |
_2ddc _cBK _n0 |
||
| 999 |
_c9751 _d9751 |
||